000 00821cam a2200205 4500
001 WS119504
008 020830n 000 0 eng u
035 _a(Sirsi) u119504
110 _aInformation Commissioner
_94344
245 _aInformation Commissioner
520 _aWeb site for this independent supervisory authority which enforces and overseas advice, legal guidance, codes of practice and tribunal decisions.
650 _aFREEDOM OF INFORMATION ACT 2000
650 _aDATA PROTECTION
650 _aDATA PROTECTION ACT 1998
650 _aDATA PROTECTION REGISTER
650 _aMANAGEMENT-BUSINESS MANAGEMENT-INFORMATION MANAGEMENT
690 _aMANAGEMENT-BUSINESS MANAGEMENT
856 4 0 _uhttps://www.dataprotection.gov.uk
_zView the website free of charge at www.dataprotection.gov.uk...
942 _n0
999 _c120193
_d120193